| 000 | 00495nam a2200193Ia 4500 | ||
|---|---|---|---|
| 008 | 170918s9999 xx 000 0 und d | ||
| 020 | _a9780545447362 | ||
| 050 | _bS644 2011 | ||
| 100 | _aSmith, Clete Barrett | ||
| 245 | _aAliens on vacation / | ||
| 245 | _cClete Barrett Smith ; illustrated by Christian Slade. | ||
| 260 | _aNew York : | ||
| 260 | _bScholastic, | ||
| 260 | _c2011 | ||
| 300 | _a251 pages : | ||
| 300 | _bcolored illustration ; | ||
| 300 | _c19cm. | ||
| 500 | _a770 | ||
| 999 |
_c342040 _d342040 |
||